| 000 | 00754nam a22002411 4500 | ||
|---|---|---|---|
| 001 | 35868 | ||
| 003 | BD-RjUL | ||
| 005 | 20211209052408.0 | ||
| 008 | 140610s1966 mau b 000 0 eng d | ||
| 035 | _a(BD-RjUL)35964 | ||
| 040 |
_aDLC _cDLC _dDLC _dBD-RjUL _beng |
||
| 041 | _aeng | ||
| 082 | 0 | 0 |
_a320.9172408 _bPYA 1966 |
| 100 | 1 |
_aPye, Lucian W., _d1921-2008. _97313 |
|
| 245 | 1 | 0 |
_aAspects of political development : _ban analytic study / _c[by] Lucian W. Pye. |
| 260 |
_aBoston : _bLittle, Brown, _c1966. |
||
| 300 |
_axiii, 205 p. ; _c21 cm. |
||
| 490 | 0 | _aThe Little, Brown series in comparative politics | |
| 504 | _aBibliographical footnotes. and Index | ||
| 650 | 0 |
_aPolitical development. _9109245 |
|
| 942 |
_2ddc _cBK |
||
| 999 |
_c35868 _d35868 |
||